APL-Plus financial planning system : user's guide /

Bibliographic Details
Main Author: Tava, Paul M.
Format: Book
Language:English
Published: Bethesda, Md. : Scientific Time Sharing Corp., [1977-]
Subjects:

MARC

Tag First Indicator Second Indicator Subfields
LEADER 00000cam a2200000 a 4500
001 in00000516421
005 20151013090201.0
008 840702m19779999mduak 00010 eng d
035 |a (OCoLC)10903711 
035 |9 ACF7569AM 
040 |a TXA  |c TXA  |d UtOrBLW 
049 |a TXAM  |d [  |v =pt.]  |v 1 [1657946] 
090 |a HG174  |b .T35 1977 
100 1 |a Tava, Paul M. 
245 1 0 |a APL-Plus financial planning system :  |b user's guide /  |c [by Paul M. Tava]. 
264 1 |a Bethesda, Md. :  |b Scientific Time Sharing Corp.,  |c [1977-] 
264 4 |c ©1977- 
300 |a volumes :  |b illustrations, forms ;  |c 28 cm. 
336 |a text  |b txt  |2 rdacontent 
337 |a unmediated  |b n  |2 rdamedia 
338 |a volume  |b nc  |2 rdacarrier 
505 0 |a Pt. 1. FPS overview 
650 0 |a Finance  |x Data processing. 
650 0 |a Decision making  |x Data processing. 
999 |a MARS 
999 f f |s d88b4234-1adf-3db1-b439-e24c2fdf3e4a  |i 4be0315a-9044-37c2-9313-dbec8e13c5ba  |t 0 
952 f f |p ric  |a Texas A&M University  |b Rellis Campus  |c Joint Library Facility  |d Remote Storage  |t 0  |e HG174 .T35 1977  |h Library of Congress classification  |i unmediated -- volume  |k pt.1  |m A14808007516 
998 f f |a HG174 .T35 1977  |s pt.1  |t 0  |l Remote Storage